Представление документа в формате RUSMARC

ПолеНазваниеЗначение
  Тип записи a
  Библиографический уровень m
001 Контрольный номер admiBOOK00018979
005 Дата корректировки 20140508173803.8
010 Индекс ISBN __
a ISBN 978-5-9916-0113-9
d Цена 290,00
100 Данные общей обработки __
a Данные общей обработки 19020212 |||y0 y0189 ca
101 Язык документа __
a Язык текста rus
105 Кодированные данные (монография) __
a Кодированные данные (монография) zy
200 Заглавие и сведения об ответственности 0_
a Заглавие Судебная медицина
e Сведения, относящиеся к заглавию Учебник для вузов
205 Сведения об издании __
b Дополнительные сведения об издании Рек. МО и науки РФ
210 Выходные данные __
a Место издания М
c Издательство Издательство Юрайт; И.Д. Юрайт
d Дата издания 2010
215 Физическое описание __
a Объем 465с.
225 Серия __
a Серия Основы наук
606 Тематические рубрики __
a Основная рубрика Медицина
x Основная подрубрика Прикладные отрасли медицины
610 Ключевые слова __
a Ключевые слова Судебная медицина
a Ключевые слова Экспертиза
a Ключевые слова Судебно-медицинская экспертиза
686 Индексы других классификаций __
a Классификационный индекс 58
700 Автор __
a Фамилия Самищенко
b Имя С.С.
852 Данные о местонахождении __
c Местонахождение стеллажа 58
j Шифр хранения 5
852 Данные о местонахождении __
b Сигла хранения ЧЗ_2
t Номер экземпляра 1
i Авторский знак С17
p Инвентарный номер 146807
901 Тип документа __
t Тип документа m
911 __
u 952a=Учебная
u 952p=2121
938 Служебная информация __
a Название организации Саранский филиал
b Имя БД OUTPUT.MRC_Саранск
c Название АИБС АИБС Библиотека